Statistics for They Shoot Pictures, Don't They? - films 481 to 500

Click here to take the quiz!

General Stats

  • This quiz has been taken 22 times
  • The average score is 6 of 20

Answer Stats

Answer% Correct
Casino
76%
A.I. Artificial Intelligence
71%
Blue
53%
Five Easy Pieces
47%
Shane
47%
The Enigma of Kaspar Hauser
35%
Elephant
29%
Russian Ark
29%
Secrets and Lies
29%
The Bitter Tears of Petra von Kant
29%
Steamboat Bill, Jr.
24%
A Moment of Innocence
18%
Marketa Lazarová
18%
Once upon a Time in Anatolia
18%
Our Hospitality
18%
Platform
18%
The Death of Mr. Lazarescu
18%
Masculin féminin
12%
The Damned
12%
Wagon Master
12%

Score Distribution

Percentile by Number Answered

Percent of People with Each Score

Your Score History

You have not taken this quiz